000 00350nam a2200145Ia 4500
008 230711s9999||||xx |||||||||||||| ||und||
041 _aENG
082 _a621
_bWO-A
100 _aWoodcock,David G
245 0 _aAdaptive reuse
250 _a1st Ed.
260 _c1994
_aNew Delhi
_bOxford University Press
650 _aCivil Engineering
942 _cBK
999 _c3086
_d3086